| 000 | 01385cam a22003858i 4500 | ||
|---|---|---|---|
| 999 |
_c535674 _d535674 |
||
| 001 | 20764330 | ||
| 003 | NUST | ||
| 005 | 20200921155525.0 | ||
| 008 | 181203t20192019enkab b 001 0 eng | ||
| 010 | _a 2018057141 | ||
| 020 |
_a9780415858694 _q(hardback : alk. paper) |
||
| 020 |
_a9780415858700 _q(paperback : alk. paper) |
||
| 020 |
_z9781135106829 _q(epub) |
||
| 020 |
_z9780203798942 _q(ebook) |
||
| 038 | _aMSOHAIL | ||
| 040 |
_aDLC _beng _cDLC _erda _dDLC |
||
| 042 | _apcc | ||
| 050 | 0 | 0 |
_aGB661.2 _b.D38 2019 |
| 082 | 0 | 0 |
_a551.48 _223 _bDAV |
| 100 | 1 |
_aDavie, Tim, _eauthor. _930427 |
|
| 245 | 1 | 0 |
_aFundamentals of hydrology / _cTim Davie and Nevil Wyndham Quinn. |
| 250 | _aThird Edition. | ||
| 264 | 1 |
_aLondon ; _aNew York : _bRoutledge, Taylor & Francis Group, _c2019. |
|
| 300 |
_axviii, 285 pages : _billustrations, maps ; _c25 cm. |
||
| 336 |
_atext _btxt _2rdacontent |
||
| 337 |
_aunmediated _bn _2rdamedia |
||
| 338 |
_avolume _bnc _2rdacarrier |
||
| 490 | 0 | _aRoutledge Fundamentals of Physical Geography Series | |
| 500 | _aPrevious edition: 2008. | ||
| 504 | _aIncludes bibliographical references and index. | ||
| 650 | 0 |
_aHydrology _vTextbooks. _930428 |
|
| 906 |
_a7 _bcbc _corignew _d1 _eecip _f20 _gy-gencatlg |
||
| 942 |
_2ddc _cBK |
||